| 000 | 00545nam a22001817a 4500 | ||
|---|---|---|---|
| 999 |
_c6250 _d6250 |
||
| 001 | 3718 | ||
| 003 | BD-DhUAP | ||
| 005 | 20201228105115.0 | ||
| 008 | 201228s1997 bg ||||| |||| 00| 0 eng d | ||
| 040 |
_aBD-DhUAP _bEng _cBD-DhUAP _dBD-DhUAP |
||
| 082 |
_223 _a530 INT |
||
| 245 | _aInternational symposium on recent advances in physics 21-23 March, 1997. | ||
| 260 |
_aDhaka, Bangladesh : _bBangladesh Physical Society, _c1997. |
||
| 300 |
_a85 pages ; _c27 cm. |
||
| 650 | _aPhysics. | ||
| 710 | _aBangladesh Physical Society. | ||
| 942 |
_2ddc _cBK |
||